Normal view MARC view
  • Bassi, Angel C.

Entry Nombre Personal

Number of records used in: 1

001 - NUMERO DE CONTROL

  • campo de control: 53657

003 - IDENTIFICADOR DE NUMERO DE CONTROL

  • campo de control: DLC

005 - FECHA Y HORA DE LA ÜLTIMA TRANSACCIÓN

  • campo de control: 20240920155259.0

008 - DATOS DE LONGITUD FIJA

  • campo de control de longitud fija: 240920|| aca||aabn | aaa d

010 ## - NÚMERO DE CONTROL DE LA BIBLIOTECA DEL CONGRESO

  • Número de control LC: nb2019014439

035 ## - NUMERO DE CONTROL

  • Número de control: (Uk)010571886

040 ## - FUENTE DE CATALOGACIÓN

  • Agencia original de catalogación: Uk
  • Lenguaje de catalogación: spa
  • Agencia de transcripción: Uk
  • Agencia que lo modifica: MX-MxUPN

100 1# - ENCABEZAMIENTO - NOMBRE PERSONAL

  • Nombre personal: Bassi, Angel C.

370 ## - LUGAR ASOCIADO

  • Fuente del término: naf
  • Other associated place: Buenos Aires (Argentina : Provincia)
  • Other associated place: Corrientes (Argentina : Provincia)
  • Other associated place: Esquina (Corrientes, Argentina)

372 ## - CAMPO DE ACTIVIDAD

  • Field of activity: Educación

670 ## - FUENTE EN LA QUE SE LOCALIZARON DATOS

  • Cita de la fuente: Autoridades LC, 20 septiembre 2024 :
  • Información localizada: (Bassi, Angel C.)
  • Uniform Resource Identifier: https://lccn.loc.gov/nb2019014439

902 ## - CATALOGADOR

  • Catalogador: MaríaRobles/200924